000 00545nam a22001457a 4500
005 20250908112920.0
008 250908b |||||||| |||| 00| 0 eng d
100 _aMAYAKA RODGERS ATEKA
245 _aAN EVALUATION OF THE INFLLUENCE OF STRATEGIC CHANGE MANAGEMENT PRACTICES ON ORGANIZATIONAL PERFORMANCE: A CASE OF OPERATIONS OF SOFT DRINK INDUSTRIES IN WESTERN KENYA
260 _aKISII
_bKISII UNIVERSITY
_c2012
300 _aXIII,51P.
500 _aINCLUDES AN INDEX
650 _aSTRATEGIC PLANNING-BUSINESS PLANNING
942 _2lcc
_cREF
999 _c216075
_d216075